Countries where ABBA have been on tour - Statistics

General Stats
  • This quiz has been taken 12 times
  • The average score is 15 of 16
Answer Stats
Trour Country % Correct
European and Australian tour Australia
100%
Northern American and European tour Canada
100%
European tour Finland
100%
Japanese tour Japan
100%
European tour; European and Australian tour Norway
100%
European tour; Folkpark tour; European and Australian tour; Northern American and European tour Sweden
100%
European and Australian tour; Northern American and European tour: United Kingdom
100%
Northern American and European tour United States
100%
Northern American and European tour France
91%
European tour; European and Australian tour; Northern American and European tour Germany
91%
Northern American and European tour Ireland
91%
European tour; Northern American and European tour Austria
82%
European and Australian tour; Northern American and European tour: Belgium
82%
European tour; European and Australian tour;
Northern American and European tour
Denmark
82%
European and Australian tour; Northern American and European tour: Netherlands
82%
Northern American and European tour Switzerland
73%
No matching quizzes found
Score Distribution
Percent of People with Each Score
Percentile by Number Answered
Your Score History
You have not taken this quiz